000 00452nam a2200157 4500
001 111027
003 ES-MaACL
005 20230906185227.0
007 t|
008 061121s1958 sp r ||||1| spa d
100 1 _aNavas Martín, Vicente.
_985207
245 1 3 _aLa escuela del olvido
_b: novela /
_cVicente Navas Martín.
260 _aMadrid :
_b[s. n.],
_c1958 (
_fImp. Sèz)
300 _a243 p. ;
_c20 cm.
852 _aES-MaACL
_jC-14873
_bR.42816
999 _c111027
_d111027